000 00257nam a22001217a 4500
008 170802b xxu||||| |||| 00| 0 eng d
041 _aeng
080 _a004
100 _a32
101 _aSHKI
245 _aADA 95 REFERENCE MANUAL
_cADA
942 _2udc
_cBK
999 _c22580
_d22580